000 00253nam a2200097Ia 4500
001 904507
005 20250826184933.0
008 250824s9999 xx 000 0 und d
245 0 _aŞARK IN KANDİLİ
_cYazar Adı Belirtilmemiş
260 _bKETEBE YAYINLARI
999 _c904507
_d904507